000 00377nam a2200157Ia 4500
008 230312s9999||||xx |||||||||||||| ||und||
020 _a0-7619-2442-6
082 _a300.72
_bCRE-R
100 _aCreswell;John.w
245 0 _aResearch Design
260 _bSage Publishers
_aUSA
_c2003
300 _a246
546 _aEng.
650 _aManagement
_vResearch Design
942 _cBK
999 _c7006
_d7006